[Event "PRO League Stage"]
[Site "Chess.com INT"]
[Date "2019.02.14"]
[Round "6"]
[White "Charbonneau, Pascal"]
[Black "So, Wesley"]
[Result "0-1"]
[WhiteElo "2505"]
[BlackElo "2765"]
[PlyCount "40"]
[GameId "1360521628880896"]
[EventDate "2019.01.08"]
[EventType "team-swiss (rapid)"]
[EventRounds "10"]
[EventCountry "USA"]
[SourceTitle "CBM 189 Extra"]
[Source "ChessBase"]
[SourceDate "2019.05.31"]
[SourceVersion "1"]
[SourceVersionDate "2019.05.31"]
[SourceQuality "1"]
[WhiteTeam "Montclair Sopranos"]
[BlackTeam "Saint Louis Arch Bishops"]
[WhiteTeamCountry "USA"]
[BlackTeamCountry "USA"]

1. c4 c5 2. Nc3 g6 3. Nf3 Bg7 4. e3 Nf6 5. d4 cxd4 6. exd4 d5 7. cxd5 Nxd5 8. Bc4 Nxc3 9. bxc3 Qc7 10. Qb3 O-O 11. Ng5 e6 12. Ba3 Rd8 13. O-O Nc6 14. Be2 b6 15. Bf3 Bb7 16. Qa4 h6 17. Ne4 Nxd4 18. cxd4 Rxd4 19. Qb3 Bxe4 20. Bb2 Rd3 0-1

[Event "PRO League Stage"]
[Site "Chess.com INT"]
[Date "2019.02.14"]
[Round "6"]
[White "Theodorou, Nikolas"]
[Black "Charbonneau, Pascal"]
[Result "1-0"]
[WhiteElo "2552"]
[BlackElo "2505"]
[PlyCount "51"]
[GameId "1360521628442624"]
[EventDate "2019.01.08"]
[EventType "team-swiss (rapid)"]
[EventRounds "10"]
[EventCountry "USA"]
[SourceTitle "CBM 189 Extra"]
[Source "ChessBase"]
[SourceDate "2019.05.31"]
[SourceVersion "1"]
[SourceVersionDate "2019.05.31"]
[SourceQuality "1"]
[WhiteTeam "Saint Louis Arch Bishops"]
[BlackTeam "Montclair Sopranos"]
[WhiteTeamCountry "USA"]
[BlackTeamCountry "USA"]

1. d4 Nf6 2. c4 e6 3. g3 d5 4. Bg2 Bb4+ 5. Nc3 O-O 6. Nf3 c6 7. O-O Nbd7 8. Qc2 b6 9. Qa4 Bxc3 10. bxc3 Bb7 11. Ba3 Re8 12. Ne5 Qc7 13. Nxd7 Nxd7 14. Rad1 a5 15. Rfe1 Rac8 16. e4 dxe4 17. Bxe4 Nf6 18. Bg2 c5 19. d5 exd5 20. cxd5 Qd6 21. c4 Kf8 22. Bc1 Rxe1+ 23. Rxe1 Re8 24. Qd1 Rxe1+ 25. Qxe1 Qe7 26. Qxe7+ 1-0

[Event "PRO League Stage"]
[Site "Chess.com INT"]
[Date "2019.03.06"]
[Round "9"]
[White "Charbonneau, Pascal"]
[Black "Sai, Krishna GV"]
[Result "1-0"]
[WhiteElo "2505"]
[BlackElo "2409"]
[PlyCount "67"]
[GameId "1360009191415808"]
[EventDate "2019.01.08"]
[EventType "team-swiss (rapid)"]
[EventRounds "10"]
[EventCountry "USA"]
[SourceTitle "CBM 189 Extra"]
[Source "ChessBase"]
[SourceDate "2019.05.31"]
[SourceVersion "1"]
[SourceVersionDate "2019.05.31"]
[SourceQuality "1"]
[WhiteTeam "Montclair Sopranos"]
[BlackTeam "Montreal Chessbrahs"]
[WhiteTeamCountry "USA"]
[BlackTeamCountry "CAN"]

1. Nf3 Nf6 2. c4 g6 3. g3 Bg7 4. Bg2 O-O 5. O-O d6 6. Nc3 e5 7. d3 Nc6 8. Rb1 a5 9. a3 Re8 10. Bg5 h6 11. Bxf6 Bxf6 12. b4 axb4 13. axb4 Bg7 14. b5 Ne7 15. Qb3 Be6 16. Ne1 c6 17. Nc2 d5 18. Nb4 dxc4 19. dxc4 Qd4 20. bxc6 bxc6 21. Nxc6 Nxc6 22. Bxc6 Bxc4 23. Qc2 Ra3 24. Bxe8 Rxc3 25. Qb2 e4 26. Qb8 Be5 27. Qa8 Kg7 28. Rfd1 Qc5 29. Qxe4 Ba2 30. Rb5 Rc1 31. Rxc5 Rxd1+ 32. Kg2 Bd6 33. Ra5 Be6 34. Bc6 1-0

[Event "Battle At The Border"]
[Site "Lloydminster CAN"]
[Date "2010.09.04"]
[Round "1.3"]
[White "Charbonneau, Pascal"]
[Black "Steele, Len"]
[Result "1-0"]
[WhiteElo "2520"]
[BlackElo "1891"]
[PlyCount "52"]
[GameId "2160767909888989"]
[EventDate "2010.09.04"]
[EventType "swiss"]
[EventRounds "5"]
[EventCountry "CAN"]

1. e4 b6 2. d4 Bb7 3. Bd3 g6 4. Nf3 Bg7 5. O-O e6 6. c4 Ne7 7. Nc3 O-O 8. Bg5 d6 9. Qd2 Nd7 10. Rfe1 f6 11. Be3 e5 12. Rad1 Qc8 13. Bc2 Kh8 14. b4 a5 15. a3 axb4 16. axb4 Bc6 17. c5 exd4 18. Nxd4 Ne5 19. cxd6 cxd6 20. Bb3 Ra3 21. Qb2 Ra8 22. Ne6 Re8 23. f3 b5 24. Rxd6 Nc4 25. Bxc4 bxc4 26. Nxg7 Kxg7 1-0

[Event "Battle At The Border"]
[Site "Lloydminster CAN"]
[Date "2010.09.04"]
[Round "2.3"]
[White "Yearwood, Roy"]
[Black "Charbonneau, Pascal"]
[Result "0-1"]
[WhiteElo "2162"]
[BlackElo "2520"]
[PlyCount "48"]
[GameId "2160767909889001"]
[EventDate "2010.09.04"]
[EventType "swiss"]
[EventRounds "5"]
[EventCountry "CAN"]

1. e4 c5 2. Nc3 Nc6 3. f4 g6 4. Nf3 Bg7 5. Bb5 Nd4 6. Bc4 d6 7. O-O Nf6 8. h3 O-O 9. d3 e6 10. Bb3 Nxb3 11. axb3 b6 12. Qe1 Bb7 13. Bd2 a6 14. Nd1 b5 15. Nh4 Re8 16. Qf2 Qe7 17. g3 d5 18. e5 Nd7 19. c3 d4 20. c4 f6 21. exf6 Bxf6 22. Nf3 bxc4 23. bxc4 e5 24. Nxe5 Bxe5 0-1

[Event "Battle At The Border"]
[Site "Lloydminster CAN"]
[Date "2010.09.05"]
[Round "3.3"]
[White "Charbonneau, Pascal"]
[Black "Wang, Richard"]
[Result "1-0"]
[WhiteElo "2520"]
[BlackElo "2298"]
[PlyCount "71"]
[GameId "2160767909889004"]
[EventDate "2010.09.04"]
[EventType "swiss"]
[EventRounds "5"]
[EventCountry "CAN"]

1. e4 c5 2. b3 Nc6 3. Bb2 d6 4. Nc3 Nf6 5. f4 e5 6. fxe5 dxe5 7. Nf3 Bg4 8. Bb5 Bd6 9. Bxc6+ bxc6 10. h3 Bh5 11. Qe2 a5 12. d3 Qb8 13. a4 Ra7 14. Nd1 c4 15. bxc4 Bb4+ 16. Kf1 Bd6 17. g4 Bg6 18. Kg2 h5 19. Nh4 Nd7 20. Bc1 hxg4 21. hxg4 Nf8 22. Nf5 Rxh1 23. Nxg7+ Kd8 24. Kxh1 f6 25. Bh6 Rf7 26. Ne3 Qb4 27. Nef5 Be7 28. Kg2 Qb2 29. Rf1 Qa3 30. Qf2 Bc5 31. Be3 Bxe3 32. Qxe3 Bxf5 33. Qb6+ Rc7 34. exf5 Qxa4 35. Qb8+ Kd7 36. Qe8+ 1-0

[Event "Battle At The Border"]
[Site "Lloydminster CAN"]
[Date "2010.09.05"]
[Round "4.1"]
[White "Charbonneau, Pascal"]
[Black "Nakamura, Hikaru"]
[Result "1-0"]
[WhiteElo "2520"]
[BlackElo "2732"]
[PlyCount "61"]
[GameId "2160767909889005"]
[EventDate "2010.09.04"]
[EventType "swiss"]
[EventRounds "5"]
[EventCountry "CAN"]

1. e4 e5 2. Nf3 d6 3. d4 f5 4. exf5 e4 5. Ng5 Bxf5 6. f3 exf3 7. Qxf3 Qe7+ 8. Kd1 Qf6 9. Qxb7 Qxd4+ 10. Bd3 Qg4+ 11. Nf3 Bxd3 12. cxd3 Ne7 13. Qxa8 Nec6 14. Qb7 Be7 15. Rg1 O-O 16. Be3 Kh8 17. Nbd2 d5 18. Rc1 Qg6 19. d4 Bb4 20. Ne5 Nxe5 21. Qxb4 Qg4+ 22. Nf3 Nbd7 23. h3 Qe4 24. Nxe5 c5 25. Qd2 cxd4 26. Qxd4 Nxe5 27. Qxe4 dxe4 28. Ke2 h6 29. Rc7 Nd3 30. Rf1 Rg8 31. Bd4 1-0

[Event "Battle At The Border"]
[Site "Lloydminster CAN"]
[Date "2010.09.06"]
[Round "5.1"]
[White "Hansen, Eric"]
[Black "Charbonneau, Pascal"]
[Result "0-1"]
[WhiteElo "2540"]
[BlackElo "2520"]
[PlyCount "100"]
[GameId "2160767909889007"]
[EventDate "2010.09.04"]
[EventType "swiss"]
[EventRounds "5"]
[EventCountry "CAN"]

1. d4 Nf6 2. c4 g6 3. Nc3 Bg7 4. e4 d6 5. Bd3 O-O 6. Nge2 c5 7. d5 e6 8. O-O Ng4 9. Bc2 Ne5 10. b3 exd5 11. cxd5 b5 12. Rb1 b4 13. Na4 Nbd7 14. a3 bxa3 15. Bxa3 Nb6 16. b4 cxb4 17. Nxb6 Qxb6 18. Bxb4 Ba6 19. h3 Rfc8 20. Bc3 Qc5 21. Bxe5 Qxc2 22. Qxc2 Rxc2 23. Nd4 Bxf1 24. Bxg7 Kxg7 25. Nxc2 Bd3 26. Rb2 Bxe4 27. Ne3 a5 28. f3 Bf5 29. g4 Bd7 30. Nc4 a4 31. Rb7 Bc8 32. Rc7 a3 33. Nxa3 Rxa3 34. Rxc8 Rxf3 35. Rc6 Rxh3 36. Kg2 Rd3 37. Rxd6 Kh6 38. Rf6 Kg5 39. Rxf7 h6 40. Rf3 Rxd5 41. Kh3 Re5 42. Rb3 Kf4 43. Rb6 Re3+ 44. Kh2 Kg5 45. Ra6 Rf3 46. Kg2 Rf6 47. Rxf6 Kxf6 48. Kf2 Ke5 49. Kf3 Kd4 50. Kf4 g5+ 0-1

[Event "Quebec op"]
[Site "Montreal CAN"]
[Date "2010.07.24"]
[Round "1"]
[White "Martchenko, Alexander"]
[Black "Charbonneau, Pascal"]
[Result "0-1"]
[WhiteElo "2138"]
[BlackElo "2513"]
[PlyCount "76"]
[GameId "2160767909914941"]
[EventDate "2010.07.24"]
[EventType "swiss"]
[EventRounds "9"]
[EventCountry "CAN"]
[SourceTitle "CBM 137 Extra"]
[Source "ChessBase"]
[SourceDate "2010.09.01"]
[SourceVersion "1"]
[SourceVersionDate "2010.09.01"]
[SourceQuality "1"]

1. e4 c5 2. Nf3 e6 3. d4 cxd4 4. Nxd4 a6 5. Nc3 d6 6. g3 Ne7 7. Bg2 Nec6 8. Nde2 b5 9. a3 Be7 10. O-O Nd7 11. Kh1 O-O 12. f4 Re8 13. g4 Rb8 14. Ng3 a5 15. g5 b4 16. axb4 axb4 17. Nb1 Nc5 18. Be3 b3 19. cxb3 Nxb3 20. Ra2 Nc5 21. Rf2 d5 22. Rd2 d4 23. Bg1 Qc7 24. e5 d3 25. Ra3 Nb4 26. Rc3 Na2 27. Ra3 Nb4 28. Rc3 Bb7 29. Ne4 Bxe4 30. Bxe4 Qa5 31. Ra3 Qb5 32. Nc3 Qc4 33. Qf3 Red8 34. Ra7 Nxe4 35. Nxe4 Nc6 36. Rc7 Nxe5 37. Rxc4 Nxf3 38. Rf2 d2 0-1

[Event "Quebec op"]
[Site "Montreal CAN"]
[Date "2010.07.25"]
[Round "2"]
[White "Charbonneau, Pascal"]
[Black "Hebert, Jean"]
[Result "1-0"]
[WhiteElo "2513"]
[BlackElo "2429"]
[PlyCount "63"]
[GameId "2160767909914947"]
[EventDate "2010.07.24"]
[EventType "swiss"]
[EventRounds "9"]
[EventCountry "CAN"]
[SourceTitle "CBM 137 Extra"]
[Source "ChessBase"]
[SourceDate "2010.09.01"]
[SourceVersion "1"]
[SourceVersionDate "2010.09.01"]
[SourceQuality "1"]

1. e4 e6 2. d4 d5 3. Nd2 c5 4. Ngf3 Nc6 5. exd5 exd5 6. Bb5 Bd6 7. O-O Nge7 8. dxc5 Bxc5 9. Nb3 Bd6 10. h3 O-O 11. Re1 a6 12. Bd3 h6 13. c3 Be6 14. Nfd4 Ne5 15. Bc2 Bd7 16. Nc5 Bxc5 17. Rxe5 Re8 18. Be3 Bd6 19. Rh5 Qc7 20. Qd2 Ng6 21. Rxd5 Re5 22. Nf5 Rxd5 23. Qxd5 Bh2+ 24. Kh1 Bc6 25. Qd4 Be5 26. Qg4 Rd8 27. Re1 Bb5 28. h4 Qc4 29. Qxc4 Bxc4 30. h5 Nf4 31. Bxf4 Bxf4 32. Re4 1-0

[Event "Quebec op"]
[Site "Montreal CAN"]
[Date "2010.07.25"]
[Round "3"]
[White "Malaniuk, Vladimir P"]
[Black "Charbonneau, Pascal"]
[Result "1/2-1/2"]
[WhiteElo "2543"]
[BlackElo "2513"]
[PlyCount "27"]
[GameId "2160767909914966"]
[EventDate "2010.07.24"]
[EventType "swiss"]
[EventRounds "9"]
[EventCountry "CAN"]
[SourceTitle "CBM 137 Extra"]
[Source "ChessBase"]
[SourceDate "2010.09.01"]
[SourceVersion "1"]
[SourceVersionDate "2010.09.01"]
[SourceQuality "1"]

1. d4 Nf6 2. Nf3 e6 3. c4 d5 4. Nc3 Be7 5. Bf4 O-O 6. e3 c5 7. dxc5 Bxc5 8. Be2 Nc6 9. cxd5 Nxd5 10. Nxd5 exd5 11. O-O d4 12. Rc1 Bb6 13. exd4 Nxd4 14. Nxd4 1/2-1/2

[Event "Quebec op"]
[Site "Montreal CAN"]
[Date "2010.07.26"]
[Round "4"]
[White "Charbonneau, Pascal"]
[Black "Kovalyov, Anton"]
[Result "0-1"]
[WhiteElo "2513"]
[BlackElo "2599"]
[PlyCount "140"]
[GameId "2160767909914972"]
[EventDate "2010.07.24"]
[EventType "swiss"]
[EventRounds "9"]
[EventCountry "CAN"]
[SourceTitle "CBM 137 Extra"]
[Source "ChessBase"]
[SourceDate "2010.09.01"]
[SourceVersion "1"]
[SourceVersionDate "2010.09.01"]
[SourceQuality "1"]

1. e4 c5 2. Nf3 d6 3. d4 cxd4 4. Nxd4 Nf6 5. Nc3 a6 6. h3 e5 7. Nde2 h5 8. Bg5 Be7 9. Bxf6 Bxf6 10. Nd5 Bg5 11. h4 Bh6 12. g3 Be6 13. Bh3 Nc6 14. c3 Ne7 15. Bxe6 fxe6 16. Nxe7 Qxe7 17. Ng1 O-O-O 18. Nh3 d5 19. Qe2 d4 20. O-O g6 21. Rad1 dxc3 22. Qc4+ Kb8 23. Qxc3 Qc7 24. Qf3 Qe7 25. Rxd8+ Rxd8 26. Rd1 Rd4 27. Rxd4 exd4 28. Nf4 Bxf4 29. Qxf4+ e5 30. Qd2 Qc5 31. f4 d3+ 32. Kf1 Qd4 33. fxe5 Qxe4 34. Qf4 Qe2+ 35. Kg1 Qxb2 36. e6+ Ka7 37. Qf2+ Qb6 38. Kf1 d2 39. Qxd2 Qxe6 40. Kg2 Qe4+ 41. Kh2 Kb6 42. Qb2+ Kc5 43. Qc3+ Kd5 44. Qb3+ Kd4 45. Qb4+ Ke5 46. Qc5+ Ke6 47. Qc8+ Kd6 48. Qf8+ Kd5 49. Qd8+ Kc4 50. Qg8+ Kd3 51. Qb3+ Ke2 52. Qb2+ Kd1 53. Qb6 Kc1 54. a3 Qc2+ 55. Kg1 Qb1 56. Qd4 Kc2+ 57. Kh2 Kb3 58. Qd6 Qc2+ 59. Kg1 Qe4 60. Kh2 a5 61. Qb6+ Ka4 62. Kg1 Qc6 63. Qe3 b5 64. Kh2 Qc2+ 65. Kh3 Qc6 66. Kh2 Qd5 67. Kg1 Qb3 68. Qe4+ Kxa3 69. Qxg6 Qd1+ 70. Kh2 b4 0-1

[Event "Quebec op"]
[Site "Montreal CAN"]
[Date "2010.07.27"]
[Round "5"]
[White "Barbeau, Sylvain"]
[Black "Charbonneau, Pascal"]
[Result "1/2-1/2"]
[WhiteElo "2337"]
[BlackElo "2513"]
[PlyCount "195"]
[GameId "2160767909914984"]
[EventDate "2010.07.24"]
[EventType "swiss"]
[EventRounds "9"]
[EventCountry "CAN"]
[SourceTitle "CBM 137 Extra"]
[Source "ChessBase"]
[SourceDate "2010.09.01"]
[SourceVersion "1"]
[SourceVersionDate "2010.09.01"]
[SourceQuality "1"]

1. Nf3 Nf6 2. g3 g6 3. b3 Bg7 4. Bb2 d5 5. c4 c6 6. Bg2 O-O 7. O-O Bg4 8. Na3 Bxf3 9. Bxf3 e6 10. d3 Nbd7 11. Qd2 Ne8 12. Bg2 a6 13. Rfc1 f5 14. Rab1 Bxb2 15. Rxb2 Qe7 16. Nc2 Rd8 17. cxd5 exd5 18. Nd4 Nc7 19. b4 Nb6 20. Rbc2 Nb5 21. Qe3 Rde8 22. Nxc6 Qxe3 23. fxe3 bxc6 24. Rxc6 Rb8 25. a4 Nxa4 26. Bxd5+ Kh8 27. Rxa6 Nbc3 28. Bf3 Rfc8 29. Kg2 Rxb4 30. h4 Rcb8 31. Rc6 Na2 32. Rc8+ Rxc8 33. Rxc8+ Kg7 34. Rc7+ Kf6 35. Rxh7 N2c3 36. Rb7 Rxb7 37. Bxb7 Nxe2 38. e4 f4 39. Bc6 Nc5 40. gxf4 Nxf4+ 41. Kg3 Nh5+ 42. Kh2 Nxd3 43. Be8 Ne5 44. Bxg6 Kxg6 45. Kg1 Nf4 46. Kf2 Kh5 47. Ke3 Ne6 48. Ke2 Kxh4 49. Kf2 Kg4 50. Ke3 Kg3 51. Ke2 Kf4 52. Kd2 Kf3 53. Kd1 Ke3 54. Kc2 Kd4 55. Kd2 Nf4 56. Kc2 Kc4 57. Kb2 Kd3 58. Kb3 Ne6 59. Kb2 Nd4 60. Ka3 Kc4 61. Kb2 Kb4 62. Kc1 Kc3 63. Kd1 Kd3 64. Kc1 Ke2 65. Kb2 Kd2 66. Ka3 Kc3 67. Ka4 Kc4 68. Ka5 Kc5 69. Ka4 Ndc6 70. Kb3 Kd4 71. Ka3 Kc3 72. Ka4 Kc4 73. Ka3 Na5 74. Ka4 Nb3 75. Ka3 Nc5 76. Kb2 Kd3 77. Kc1 Nb3+ 78. Kb2 Nd4 79. Ka3 Kc4 80. Ka4 Nb3 81. Ka3 Nd2 82. Ka4 Kc5 83. Ka5 Nb3+ 84. Ka4 Nd4 85. Ka5 Nc4+ 86. Ka4 Nb6+ 87. Ka3 Kc4 88. Kb2 Kd3 89. Kc1 Nc4 90. Kd1 Nf3 91. Kc1 Ne3 92. Kb2 Kc4 93. Ka3 Nd1 94. Ka4 Nd4 95. Ka5 Kc5 96. Ka6 Nb2 97. Kb7 Nc4 98. Kc7 1/2-1/2

[Event "Quebec op"]
[Site "Montreal CAN"]
[Date "2010.07.28"]
[Round "6"]
[White "Charbonneau, Pascal"]
[Black "Leveille, Francois"]
[Result "1-0"]
[WhiteElo "2513"]
[BlackElo "2284"]
[PlyCount "71"]
[GameId "2160767909914996"]
[EventDate "2010.07.24"]
[EventType "swiss"]
[EventRounds "9"]
[EventCountry "CAN"]
[SourceTitle "CBM 137 Extra"]
[Source "ChessBase"]
[SourceDate "2010.09.01"]
[SourceVersion "1"]
[SourceVersionDate "2010.09.01"]
[SourceQuality "1"]

1. e4 c5 2. Nf3 Nc6 3. d4 cxd4 4. Nxd4 Nf6 5. Nc3 e5 6. Ndb5 d6 7. Bg5 a6 8. Na3 b5 9. Nd5 Be7 10. Nxe7 Nxe7 11. Bxf6 gxf6 12. Qd3 Bb7 13. O-O-O d5 14. exd5 Bxd5 15. f4 Qb6 16. Be2 exf4 17. Bf3 Bxf3 18. Qxf3 O-O 19. Qxf4 Ng6 20. Qd6 Qxd6 21. Rxd6 Rfe8 22. Rhd1 Kg7 23. c3 Re2 24. R6d2 Rxd2 25. Rxd2 Ne5 26. b3 Ng4 27. h3 Ne3 28. Nc2 Nxc2 29. Kxc2 Re8 30. c4 bxc4 31. bxc4 Re3 32. Rd3 Re2+ 33. Kb3 Rxg2 34. c5 f5 35. c6 Rg1 36. c7 1-0

[Event "Quebec op"]
[Site "Montreal CAN"]
[Date "2010.07.29"]
[Round "7"]
[White "Cornette, Matthieu"]
[Black "Charbonneau, Pascal"]
[Result "1/2-1/2"]
[WhiteElo "2543"]
[BlackElo "2513"]
[PlyCount "35"]
[GameId "2160767909915011"]
[EventDate "2010.07.24"]
[EventType "swiss"]
[EventRounds "9"]
[EventCountry "CAN"]
[SourceTitle "CBM 137 Extra"]
[Source "ChessBase"]
[SourceDate "2010.09.01"]
[SourceVersion "1"]
[SourceVersionDate "2010.09.01"]
[SourceQuality "1"]

1. d4 Nf6 2. c4 e6 3. g3 c5 4. d5 exd5 5. cxd5 b5 6. Nf3 d6 7. e4 b4 8. Bb5+ Bd7 9. Bd3 Be7 10. O-O O-O 11. Nfd2 Bh3 12. Re1 Nbd7 13. Nc4 g6 14. Bf4 Ng4 15. Bf1 Bxf1 16. Rxf1 Ngf6 17. Nbd2 Nb6 18. Qc2 1/2-1/2

[Event "Quebec op"]
[Site "Montreal CAN"]
[Date "2010.07.30"]
[Round "8"]
[White "Charbonneau, Pascal"]
[Black "Sambuev, Bator"]
[Result "1-0"]
[WhiteElo "2513"]
[BlackElo "2478"]
[PlyCount "105"]
[GameId "2160767909915022"]
[EventDate "2010.07.24"]
[EventType "swiss"]
[EventRounds "9"]
[EventCountry "CAN"]
[SourceTitle "CBM 137 Extra"]
[Source "ChessBase"]
[SourceDate "2010.09.01"]
[SourceVersion "1"]
[SourceVersionDate "2010.09.01"]
[SourceQuality "1"]

1. e4 e6 2. d4 d5 3. Nd2 c5 4. Ngf3 Nf6 5. e5 Nfd7 6. c3 Nc6 7. Bd3 Be7 8. O-O a5 9. a4 b6 10. Qe2 cxd4 11. cxd4 Nb4 12. Bb5 Ba6 13. Nb1 O-O 14. Nc3 Nb8 15. g3 N8c6 16. h4 Qd7 17. Be3 Bxb5 18. axb5 Na7 19. h5 Rfc8 20. h6 g6 21. Rfc1 Rc4 22. Nd2 Rc7 23. Ndb1 Rf8 24. Na3 f5 25. exf6 Bxf6 26. Re1 Rb7 27. Rad1 Nc8 28. Bf4 Re8 29. Qf3 Qf7 30. Kg2 Ne7 31. Nc4 Nf5 32. Ne5 Qf8 33. Rh1 Nc2 34. Ne2 g5 35. Rd2 gxf4 36. Rxc2 fxg3 37. Nxg3 Bxe5 38. dxe5 Rf7 39. Qg4+ Kh8 40. Nxf5 Rxf5 41. Rh5 Rf4 42. Qg3 Rf7 43. Rc6 Qb4 44. Rh4 Qd2 45. Rc3 Qe2 46. Rf4 Qh5 47. Rcf3 Ref8 48. Rxf7 Rxf7 49. Rf6 d4 50. Rxe6 Rd7 51. Rd6 Qe8 52. Rxd7 Qxd7 53. e6 1-0

[Event "Quebec op"]
[Site "Montreal CAN"]
[Date "2010.07.31"]
[Round "9"]
[White "Gagunashvili, Merab"]
[Black "Charbonneau, Pascal"]
[Result "1-0"]
[WhiteElo "2596"]
[BlackElo "2513"]
[PlyCount "115"]
[GameId "2160767909915043"]
[EventDate "2010.07.24"]
[EventType "swiss"]
[EventRounds "9"]
[EventCountry "CAN"]
[SourceTitle "hb 2010.09"]

1. d4 Nf6 2. c4 g6 3. g3 Bg7 4. Bg2 O-O 5. Nf3 d6 6. O-O Nc6 7. Nc3 Bf5 8. b3 e5 9. dxe5 dxe5 10. Bb2 Re8 11. Qxd8 Raxd8 12. Rfd1 Nd4 13. Ne1 e4 14. h3 h5 15. Na4 Nh7 16. Kf1 Ng5 17. h4 Nge6 18. Nc3 Nc5 19. Nd5 Nce6 20. Ne3 Nc6 21. Bxg7 Kxg7 22. Nxf5+ gxf5 23. Nc2 Ncd4 24. Ne3 Kg6 25. Nd5 c6 26. Nc3 e3 27. Rac1 f4 28. gxf4 Nxf4 29. Be4+ f5 30. fxe3 fxe4 31. exf4 e3 32. Kg2 Kf5 33. Rd3 Nxe2 34. Rxd8 Nxf4+ 35. Kf3 Rxd8 36. Rg1 Rd3 37. Rg5+ Ke6 38. Kxf4 Rxc3 39. Rxh5 Rc2 40. Rh6+ Kd7 41. Rh7+ Kc8 42. Re7 Rxa2 43. Rxe3 Rh2 44. Kg3 Rh1 45. Re4 Kd7 46. Kg2 Rb1 47. Re3 Rb2+ 48. Kg3 Rb1 49. h5 Rh1 50. Kg4 Kd6 51. b4 b6 52. Rh3 Rg1+ 53. Kf5 a5 54. c5+ Kc7 55. bxa5 bxa5 56. h6 Rf1+ 57. Kg6 Rg1+ 58. Kh5 1-0

[Event "Montreal Empresa int."]
[Site "Montreal CAN"]
[Date "2007.07.19"]
[Round "1.1"]
[White "Elyanov, Pavel"]
[Black "Charbonneau, Pascal"]
[Result "1-0"]
[WhiteElo "2701"]
[BlackElo "2503"]
[PlyCount "107"]
[GameId "2160767910576408"]
[EventDate "2007.07.19"]
[EventType "tourn"]
[EventRounds "9"]
[EventCountry "CAN"]
[EventCategory "16"]

1. d4 Nf6 2. c4 c5 3. d5 e5 4. Nc3 d6 5. e4 Be7 6. Bd3 Nbd7 7. Nf3 O-O 8. h3 a6 9. g4 Re8 10. Be3 Nf8 11. g5 N6d7 12. h4 f6 13. Qd2 fxg5 14. hxg5 Ng6 15. O-O-O Ndf8 16. Rdg1 Bd7 17. Ne2 b5 18. Ng3 Rb8 19. Nf5 bxc4 20. Bxc4 Bb5 21. Bb3 Qd7 22. Qc3 c4 23. Bc2 Bd8 24. Qa3 Bc7 25. Nh2 a5 26. Ng4 Ba6 27. Ba4 Bb5 28. Bc2 Ba6 29. Bd2 c3 30. Qxc3 Rec8 31. Qc6 Be2 32. Kb1 Qd8 33. Rh3 a4 34. Qxa4 Ra8 35. Qb3 Bb6 36. Bd3 Bxg4 37. Rxg4 Rab8 38. Bb5 Bxf2 39. a4 Ne7 40. Qf3 Bd4 41. Ba5 Bb6 42. Bc3 Neg6 43. Rh1 Bc5 44. b4 Ba7 45. Bc6 Qa5 46. Rg2 Bc5 47. Bb5 Bxb4 48. Bxb4 Qxb4+ 49. Rb2 Qc5 50. Qe3 Qc7 51. Rc1 Qd8 52. Qa7 Rxc1+ 53. Kxc1 Rc8+ 54. Rc2 1-0

[Event "Montreal Empresa int."]
[Site "Montreal CAN"]
[Date "2007.07.22"]
[Round "3.1"]
[White "Bluvshtein, Mark"]
[Black "Charbonneau, Pascal"]
[Result "1-0"]
[WhiteElo "2520"]
[BlackElo "2503"]
[PlyCount "71"]
[GameId "2160767910576418"]
[EventDate "2007.07.19"]
[EventType "tourn"]
[EventRounds "9"]
[EventCountry "CAN"]
[EventCategory "16"]

1. d4 Nf6 2. c4 g6 3. Nc3 Bg7 4. e4 O-O 5. Nf3 d6 6. Be2 e5 7. O-O Nc6 8. d5 Ne7 9. Ne1 Ne8 10. Be3 f5 11. f3 f4 12. Bf2 g5 13. c5 Rf6 14. b4 h5 15. Rc1 Rg6 16. Kh1 g4 17. g3 h4 18. gxf4 g3 19. Be3 exf4 20. Bxf4 Nf6 21. Be3 Nh5 22. f4 h3 23. Rf3 gxh2 24. Kxh2 Bg4 25. Nd3 Bh6 26. Rxh3 Bxh3 27. Bxh5 Nf5 28. Bxg6 Nxe3 29. Qh5 Bf1 30. Bf7+ Kf8 31. Qxh6+ Kxf7 32. Qh7+ Kf8 33. Re1 Ng4+ 34. Kg3 Bxd3 35. Kxg4 Qf6 36. Qf5 1-0

[Event "Montreal Empresa int."]
[Site "Montreal CAN"]
[Date "2007.07.24"]
[Round "5.1"]
[White "Miton, Kamil"]
[Black "Charbonneau, Pascal"]
[Result "1-0"]
[WhiteElo "2648"]
[BlackElo "2503"]
[PlyCount "73"]
[GameId "2160767910576428"]
[EventDate "2007.07.19"]
[EventType "tourn"]
[EventRounds "9"]
[EventCountry "CAN"]
[EventCategory "16"]

1. d4 Nf6 2. c4 e6 3. g3 d5 4. Bg2 dxc4 5. Nf3 Nc6 6. O-O Rb8 7. Nc3 b5 8. Ne5 Nxe5 9. dxe5 Nd7 10. Bf4 Bb7 11. Bxb7 Rxb7 12. Qc2 Be7 13. Rfd1 c6 14. Ne4 Qc7 15. Rd2 Nxe5 16. Qc3 f6 17. Ng5 b4 18. Qe3 Qb6 19. Qe4 Ng4 20. Nh3 e5 21. Qf5 Nxf2 22. Nxf2 O-O 23. Bh6 gxh6 24. Kg2 c3 25. bxc3 bxc3 26. Rc2 Qe3 27. Rd1 Rd8 28. Rxd8+ Bxd8 29. Qc8 Qb6 30. Rxc3 Qc7 31. Qg4+ Kh8 32. Rd3 Be7 33. Qe6 c5 34. Ng4 Rb6 35. Qf7 Qc6+ 36. Kh3 h5 37. Rd8+ 1-0

[Event "Montreal Empresa int."]
[Site "Montreal CAN"]
[Date "2007.07.25"]
[Round "6"]
[White "Charbonneau, Pascal"]
[Black "Short, Nigel"]
[Result "1-0"]
[WhiteElo "2503"]
[BlackElo "2683"]
[PlyCount "135"]
[GameId "2160767910576432"]
[EventDate "2007.07.19"]
[EventType "tourn"]
[EventRounds "9"]
[EventCountry "CAN"]
[EventCategory "16"]
[SourceTitle "CBM 119"]
[Source "ChessBase"]
[SourceDate "2007.08.01"]
[SourceVersion "1"]
[SourceVersionDate "2007.08.01"]
[SourceQuality "1"]

1. e4 e5 2. Nf3 Nc6 3. d4 exd4 4. Nxd4 Bc5 5. Nxc6 bxc6 6. Bd3 d6 7. O-O Qh4 8. Nd2 Bg4 9. Qe1 Ne7 10. Nb3 Bb6 11. a4 a5 12. Be3 Bxe3 13. Qxe3 O-O 14. f4 Bd7 15. Qd2 Qf6 16. e5 dxe5 17. fxe5 Qxe5 18. Bxh7+ Kxh7 19. Qxd7 Ng6 20. Rxf7 Nf4 21. Rxf8 Rxf8 22. Qd2 Rf6 23. Re1 Qg5 24. Kh1 Qg4 25. h3 Rh6 26. Re3 Rh4 27. Kh2 Ng6 28. Nc5 Qf5 29. Qc3 Rh5 30. Nd3 Qd5 31. Qe1 c5 32. g4 Rg5 33. Re6 c4 34. Nf2 Qf3 35. Qe3 Qxe3 36. Rxe3 Rd5 37. Ne4 Rd8 38. Ng5+ Kg8 39. Kg3 Rb8 40. Re6 Nf8 41. Rc6 Rxb2 42. Rxc4 Nh7 43. Ne6 Nf8 44. Nd4 Ra2 45. Nb3 Nd7 46. Rxc7 Nb6 47. Nxa5 Rxa4 48. Nc6 Ra3+ 49. Kh4 Nd5 50. Rb7 Rc3 51. Nd4 Nf4 52. Rb3 Rc4 53. c3 Nd5 54. Ne2 Re4 55. Rb5 Ne7 56. Nd4 Re3 57. Rc5 Kh7 58. Nf5 Ng6+ 59. Kg5 Rxh3 60. Rc7 Nf8 61. Rxg7+ Kh8 62. Rf7 Ne6+ 63. Kf6 Nf4 64. c4 Rc3 65. Rf8+ Kh7 66. Rc8 Nd5+ 67. cxd5 Rxc8 68. d6 1-0